[Event "Online Chess Stars Gp-B"]
[Site "chess24.com INT"]
[Date "2020.11.06"]
[Round "2"]
[White "Represa Perez, Mireya"]
[Black "Van Foreest, Jorden"]
[Result "0-1"]
[WhiteElo "2126"]
[BlackElo "2671"]
[PlyCount "50"]
[EventDate "2020.11.06"]
[EventType "tourn (blitz)"]
[EventRounds "7"]
[EventCountry "ESP"]
[EventCategory "6"]
[SourceTitle "CBM 199 Extra"]
[Source "ChessBase"]
[SourceDate "2021.01.31"]
[SourceVersion "1"]
[SourceVersionDate "2021.01.31"]
[SourceQuality "1"]

1. e4 c6 2. Nc3 d5 3. Nf3 Qa5 4. Be2 dxe4 5. Nxe4 Bf5 6. Ng3 Bg6 7. 0-0 Nf6 8. d4 e6 9. Ne5 Nbd7 10. Nc4 Qc7 11. a4 h5 12. Bf3 Be7 13. Ne2 Nd5 14. b3 0-0 15. Ne3 N7f6 16. c4 Nb4 17. Ba3 Rad8 18. g3 e5 19. Qd2 exd4 20. Nxd4 Qb6 21. Rfd1 c5 22. Bxb4 Rxd4 23. Qc3 Rxd1+ 24. Rxd1 cxb4 25. Qe5 Bc5 0-1

[Event "ESP-ch 85th"]
[Site "Linares"]
[Date "2020.09.02"]
[Round "3"]
[White "Narciso Dublan, Marc"]
[Black "Represa Perez, Mireya"]
[Result "1/2-1/2"]
[WhiteElo "2502"]
[BlackElo "2115"]
[PlyCount "71"]
[EventDate "2020.08.31"]
[EventType "swiss"]
[EventRounds "9"]
[EventCountry "ESP"]
[SourceTitle "EXT 2021"]
[Source "ChessBase"]
[SourceDate "2020.10.23"]
[SourceVersion "1"]
[SourceVersionDate "2020.10.23"]
[SourceQuality "1"]

1. d4 Nf6 2. Nf3 e6 3. g3 d5 4. Bg2 Be7 5. 0-0 0-0 6. c4 dxc4 7. Ne5 Nc6 8. Bxc6 bxc6 9. Nxc6 Qe8 10. Nxe7+ Qxe7 11. Qc2 e5 12. Rd1 exd4 13. Rxd4 Be6 14. Nc3 Rfd8 15. Rxd8+ Rxd8 16. Bg5 h6 17. Bxf6 Qxf6 18. Rd1 Rb8 19. Rd2 Qe5 20. Qe4 Qa5 21. h4 Qc5 22. Qe3 Qa5 23. f3 Re8 24. Kf2 Kf8 25. a3 Qf5 26. g4 Qa5 27. Ne4 Bxg4 28. fxg4 Rxe4 29. Rd8+ Ke7 30. Qxe4+ Kxd8 31. Qd4+ Ke7 32. Qxg7 Qc5+ 33. Kf3 Qd5+ 34. Kf2 Qc5+ 35. Kf3 Qd5+ 36. Kf2 1/2-1/2

[Event "ESP-ch 85th"]
[Site "Linares"]
[Date "2020.08.31"]
[Round "1"]
[White "Lopez Martinez, Josep Manuel"]
[Black "Represa Perez, Mireya"]
[Result "1-0"]
[WhiteElo "2545"]
[BlackElo "2115"]
[PlyCount "71"]
[EventDate "2020.08.31"]
[EventType "swiss"]
[EventRounds "9"]
[EventCountry "ESP"]
[SourceTitle "EXT 2021"]
[Source "ChessBase"]
[SourceDate "2020.10.23"]
[SourceVersion "1"]
[SourceVersionDate "2020.10.23"]
[SourceQuality "1"]

1. d4 Nf6 2. c4 e6 3. Nf3 d5 4. Nc3 a6 5. cxd5 exd5 6. Bg5 Be6 7. e3 Nbd7 8. Bd3 h6 9. Bf4 g5 10. Bg3 Nh5 11. Qc2 Nxg3 12. hxg3 Bg7 13. 0-0-0 c5 14. Bf5 Qf6 15. g4 Rc8 16. Kb1 b5 17. e4 Nb6 18. Bxe6 fxe6 19. exd5 cxd4 20. Rhe1 0-0 21. Rxe6 Qd8 22. Nxd4 Nxd5 23. Nc6 Qd7 24. Ne7+ Kh8 25. Ng6+ Kg8 26. Nxf8 Rxf8 27. Rxh6 Nxc3+ 28. bxc3 Qxg4 29. f3 Qc8 30. Qh7+ Kf7 31. Rdd6 Qxc3 32. Qg6+ Kg8 33. Qe6+ Rf7 34. Rd8+ Bf8 35. Rg6+ Kh8 36. Qh3+ 1-0

[Event "Gibraltar Masters 18th"]
[Site "Caleta"]
[Date "2020.01.29"]
[Round "9"]
[White "Represa Perez, Mireya"]
[Black "Priyanka, Nutakki"]
[Result "0-1"]
[WhiteElo "2081"]
[BlackElo "2242"]
[PlyCount "110"]
[EventDate "2020.01.21"]
[EventType "swiss"]
[EventRounds "10"]
[EventCountry "GGB"]
[SourceTitle "CBM 194 Extra"]
[Source "ChessBase"]
[SourceDate "2020.03.31"]
[SourceVersion "1"]
[SourceVersionDate "2020.03.31"]
[SourceQuality "1"]

1. e4 e5 2. Nf3 Nf6 3. Nc3 Nc6 4. d4 exd4 5. Nxd4 Bb4 6. Nxc6 bxc6 7. Bd3 d5 8. exd5 cxd5 9. 0-0 0-0 10. Bg5 c6 11. Qf3 Be7 12. Rfe1 h6 13. Bxh6 gxh6 14. Qe3 Bd6 15. Qxh6 Rb8 16. a3 Bd7 17. Re3 Re8 18. Rae1 Re6 19. Bf5 Qf8 20. Qxf8+ Kxf8 21. Bxe6 Bxe6 22. Rf3 Kg7 23. b4 Bg4 24. Rd3 Bf5 25. Rd2 a6 26. f3 Bf4 27. Rde2 d4 28. Na4 Nd5 29. g3 Be3+ 30. Kh1 Ra8 31. Rb1 d3 32. cxd3 Bxd3 33. Rxe3 Bxb1 34. Re1 Bc2 35. Nc5 a5 36. Rc1 axb4 37. Rxc2 bxa3 38. Kg1 a2 39. Nb3 a1Q+ 40. Nxa1 Rxa1+ 41. Kf2 Nb4 42. Rc4 Ra2+ 43. Kg1 Rb2 44. h4 Rb3 45. g4 Nd3 46. h5 Ne5 47. Rc5 Nxf3+ 48. Kf2 Nd4 49. g5 Rf3+ 50. Ke1 Rf5 51. Rc4 Nf3+ 52. Ke2 Ne5 53. h6+ Kh7 54. Rc5 Rxg5 55. Ke3 Ng4+ 0-1

[Event "Gibraltar Masters 18th"]
[Site "Caleta"]
[Date "2020.01.27"]
[Round "7"]
[White "Represa Perez, Mireya"]
[Black "Trent, Lawrence"]
[Result "0-1"]
[WhiteElo "2081"]
[BlackElo "2383"]
[PlyCount "184"]
[EventDate "2020.01.21"]
[EventType "swiss"]
[EventRounds "10"]
[EventCountry "GGB"]
[SourceTitle "CBM 194 Extra"]
[Source "ChessBase"]
[SourceDate "2020.03.31"]
[SourceVersion "1"]
[SourceVersionDate "2020.03.31"]
[SourceQuality "1"]

1. e4 c6 2. Nc3 d5 3. Nf3 a6 4. d4 Bg4 5. h3 Bxf3 6. Qxf3 e6 7. Bd3 dxe4 8. Qxe4 Nf6 9. Qh4 Nbd7 10. Bg5 Be7 11. 0-0 Qc7 12. Rfe1 h6 13. Ne4 Nxe4 14. Bxe7 Ndf6 15. Bxe4 Kxe7 16. c4 g5 17. Qg3 Qxg3 18. fxg3 Rad8 19. Rad1 Rd7 20. Rd3 Rhd8 21. Rb3 Nxe4 22. Rxe4 b5 23. cxb5 axb5 24. Rc3 Rxd4 25. Rxd4 Rxd4 26. Rxc6 Rd1+ 27. Kh2 Rd2 28. b4 Rxa2 29. Rc5 f5 30. Kg1 Rb2 31. Rxb5 Kd6 32. Rb8 Kd5 33. Rh8 Rxb4 34. Rxh6 g4 35. h4 Rb1+ 36. Kf2 Rb2+ 37. Kg1 Rb1+ 38. Kf2 Ke5 39. Rg6 Rh1 40. Rh6 Kd5 41. Rf6 Kd6 42. Rh6 Ra1 43. Rg6 Kd5 44. Rf6 Ra8 45. h5 Rh8 46. h6 Kd6 47. Rg6 Ke7 48. Ke3 Kf7 49. Rg7+ Kf6 50. Ra7 Rxh6 51. Ra5 Rh1 52. Rb5 Ra1 53. Kf2 Ra2+ 54. Kf1 Rc2 55. Ra5 Ke7 56. Ra6 Kd7 57. Rb6 Rc6 58. Rb5 Kd6 59. Ke2 Rc5 60. Rb2 Ke5 61. Ra2 Rb5 62. Kf2 Rb4 63. Ke3 Rb3+ 64. Kf2 Rd3 65. Ra5+ Rd5 66. Ra2 Rd4 67. Ke3 Re4+ 68. Kf2 Rc4 69. Ke3 Rc3+ 70. Kf2 Kd4 71. Rd2+ Rd3 72. Ra2 e5 73. Ra4+ Kd5 74. Ra5+ Ke4 75. Ra2 Rb3 76. Re2+ Kd4 77. Rd2+ Kc4 78. Ra2 Kd3 79. Ke1 e4 80. Rd2+ Ke3 81. Re2+ Kd4 82. Kf2 e3+ 83. Kg1 Kd3 84. Re1 Rb2 85. Ra1 Kd2 86. Kf1 f4 87. gxf4 g3 88. Re1 Rb4 89. Re2+ Kd3 90. f5 Rh4 91. Kg1 Kxe2 92. f6 Ra4 0-1

[Event "Gibraltar Masters 18th"]
[Site "Caleta"]
[Date "2020.01.21"]
[Round "1"]
[White "Kovacevic, Blazimir"]
[Black "Represa Perez, Mireya"]
[Result "0-1"]
[WhiteElo "2451"]
[BlackElo "2081"]
[PlyCount "72"]
[EventDate "2020.01.21"]
[EventType "swiss"]
[EventRounds "10"]
[EventCountry "GGB"]
[SourceTitle "CBM 194 Extra"]
[Source "ChessBase"]
[SourceDate "2020.03.31"]
[SourceVersion "1"]
[SourceVersionDate "2020.03.31"]
[SourceQuality "1"]

1. c4 e6 2. g3 Nf6 3. Bg2 d5 4. Nf3 Be7 5. 0-0 0-0 6. d4 dxc4 7. Qc2 a6 8. a4 Bd7 9. Rd1 Bc6 10. Nc3 a5 11. e4 Na6 12. Ne5 Nb4 13. Qe2 b6 14. Nxc6 Nxc6 15. d5 exd5 16. exd5 Nb4 17. Qxc4 Rc8 18. Bf4 Qd7 19. Rac1 Rfe8 20. Bf3 Bc5 21. Ne4 Nxe4 22. Bxe4 Qe7 23. Bf3 Qf6 24. Bg4 g5 25. Bxc8 gxf4 26. Bg4 fxg3 27. hxg3 Qxf2+ 28. Kh1 Qxg3 29. Rf1 Qh4+ 30. Kg2 Nxd5 31. Rc3 Re3 32. Rf3 Re1 33. Bh3 Qg5+ 34. Rg3 Rg1+ 35. Kh2 Rxg3 36. Rxg3 Bd6 0-1

[Event "ESP-ch 84th"]
[Site "Marbella"]
[Date "2019.11.24"]
[Round "9"]
[White "Represa Perez, Mireya"]
[Black "Jimenez Fernandez, Rebeca"]
[Result "1-0"]
[WhiteElo "2189"]
[BlackElo "2043"]
[PlyCount "63"]
[EventDate "2019.11.16"]
[EventType "swiss"]
[EventRounds "9"]
[EventCountry "ESP"]
[SourceTitle "CBM 193 Extra"]
[Source "ChessBase"]
[SourceDate "2020.01.31"]
[SourceVersion "1"]
[SourceVersionDate "2020.01.31"]
[SourceQuality "1"]

1. e4 c5 2. Nf3 Nc6 3. Bb5 g6 4. Bxc6 bxc6 5. 0-0 Bg7 6. Re1 Nh6 7. c3 0-0 8. h3 f6 9. d4 cxd4 10. cxd4 Nf7 11. Be3 e5 12. Nc3 d6 13. Qc2 f5 14. dxe5 Nxe5 15. Nxe5 Bxe5 16. f4 Bg7 17. Rad1 Qh4 18. Re2 Rd8 19. Red2 fxe4 20. Nxe4 Bf5 21. Qxc6 Qe7 22. Qd5+ Kf8 23. Ng5 Qxe3+ 24. Kh1 Qe7 25. Nxh7+ Ke8 26. Qg8+ Bf8 27. Nxf8 Qxf8 28. Re2+ Kd7 29. Qh7+ Kc6 30. Rc1+ Kb5 31. Qb7+ Ka5 32. b4+ 1-0

[Event "ESP-ch 84th"]
[Site "Marbella"]
[Date "2019.11.23"]
[Round "8"]
[White "Lopez Guerrero, Jose Miguel"]
[Black "Represa Perez, Mireya"]
[Result "1/2-1/2"]
[WhiteElo "2085"]
[BlackElo "2189"]
[PlyCount "150"]
[EventDate "2019.11.16"]
[EventType "swiss"]
[EventRounds "9"]
[EventCountry "ESP"]
[SourceTitle "CBM 193 Extra"]
[Source "ChessBase"]
[SourceDate "2020.01.31"]
[SourceVersion "1"]
[SourceVersionDate "2020.01.31"]
[SourceQuality "1"]

1. e4 c5 2. Nf3 d6 3. Bb5+ Nd7 4. a4 Ngf6 5. Qe2 a6 6. Bd3 b6 7. b3 Bb7 8. Bb2 e6 9. Na3 Be7 10. g4 e5 11. 0-0-0 Nf8 12. Ne1 Ne6 13. f3 Nd4 14. Qf1 Qc7 15. Ng2 d5 16. g5 Nh5 17. exd5 Bxd5 18. Bxa6 Bxg5 19. Nb5 Qd8 20. Nxd4 cxd4 21. Bb5+ Kf8 22. Rg1 g6 23. Qe2 Qc7 24. Kb1 Rc8 25. c4 Be6 26. Rde1 f6 27. Ka2 Bh3 28. Rc1 Kg7 29. Ba3 d3 30. Qf2 Bxg2 31. Rxg2 Nf4 32. Rxg5 fxg5 33. Qe3 Rhd8 34. Bb2 Kf6 35. h4 h6 36. Re1 Ne2 37. b4 Qd6 38. Ka1 Rc7 39. hxg5+ hxg5 40. a5 Re7 41. Qxb6 Qxb6 42. axb6 Nd4 43. Bxd4 Rxd4 44. Rb1 e4 45. fxe4 Rexe4 46. b7 Rd8 47. c5 Ke7 48. Rb3 Red4 49. Bxd3 Kd7 50. Bxg6 Kc7 51. d3 Kxb7 52. Be4+ Kb8 53. Kb2 g4 54. Kc3 R4d7 55. b5 g3 56. Rb2 Rg7 57. b6 Rdg8 58. Ra2 Kc8 59. c6 Kd8 60. Bg2 Ke7 61. Ra4 Kd6 62. Rc4 Rc8 63. b7 Rf8 64. Ra4 Kc7 65. d4 Re7 66. Kd3 Re1 67. d5 Rd1+ 68. Kc2 Rg1 69. d6+ Kxd6 70. Rd4+ Kc7 71. Rd7+ Kb6 72. Rd2 Kc7 73. Rd7+ Kb6 74. Rd2 Kc7 75. Rd7+ Kb6 1/2-1/2

[Event "ESP-ch 84th"]
[Site "Marbella"]
[Date "2019.11.21"]
[Round "6"]
[White "Juan Mas, Santiago"]
[Black "Represa Perez, Mireya"]
[Result "0-1"]
[WhiteElo "1930"]
[BlackElo "2189"]
[PlyCount "36"]
[EventDate "2019.11.16"]
[EventType "swiss"]
[EventRounds "9"]
[EventCountry "ESP"]
[SourceTitle "CBM 193 Extra"]
[Source "ChessBase"]
[SourceDate "2020.01.31"]
[SourceVersion "1"]
[SourceVersionDate "2020.01.31"]
[SourceQuality "1"]

1. e4 c5 2. d4 cxd4 3. c3 dxc3 4. Nxc3 Nc6 5. Nf3 d6 6. Bc4 e6 7. 0-0 Be7 8. Qe2 Nf6 9. Rd1 e5 10. Be3 0-0 11. b4 a6 12. Rac1 Bg4 13. Nd5 Nxd5 14. Bxd5 Nxb4 15. Bxb7 Rb8 16. Bxa6 d5 17. Bc5 Bxc5 18. Rxc5 Qb6 0-1

[Event "EU-ch U18 Girls"]
[Site "Bratislava"]
[Date "2019.08.04"]
[Round "3"]
[White "Godart, Clara"]
[Black "Represa Perez, Mireya"]
[Result "0-1"]
[WhiteElo "1736"]
[BlackElo "2229"]
[PlyCount "72"]
[EventDate "2019.08.02"]
[EventType "swiss"]
[EventRounds "9"]
[EventCountry "SVK"]
[SourceTitle "CBM 191 Extra"]
[Source "ChessBase"]
[SourceDate "2019.09.30"]
[SourceVersion "1"]
[SourceVersionDate "2019.09.30"]
[SourceQuality "1"]

1. d4 Nf6 2. c4 e6 3. g3 d5 4. Bg2 Be7 5. Nf3 0-0 6. 0-0 dxc4 7. Ne5 Nc6 8. Bxc6 bxc6 9. Nxc6 Qe8 10. Nxe7+ Qxe7 11. Qa4 Qd6 12. Rd1 Qd5 13. Nc3 Bd7 14. Nxd5 Bxa4 15. Nxf6+ gxf6 16. Re1 Rfb8 17. e3 Rb6 18. Re2 a6 19. Rd2 Rab8 20. d5 e5 21. e4 c3 22. bxc3 Rb1 23. Rxb1 Rxb1 24. Kg2 Rxc1 25. d6 cxd6 26. Rxd6 Bb5 27. Rxf6 Bf1+ 28. Kf3 Rxc3+ 29. Kg4 Ra3 30. Kg5 Kg7 31. Rd6 Rxa2 32. Rd5 Rxf2 33. Kg4 h5+ 34. Kxh5 Rxh2+ 35. Kg4 Be2+ 36. Kg5 Rh5# 0-1

[Event "ESP-ch U18"]
[Site "Salobrena"]
[Date "2019.07.26"]
[Round "8"]
[White "Castillo Dalmau, Albert"]
[Black "Represa Perez, Mireya"]
[Result "0-1"]
[WhiteElo "2252"]
[BlackElo "2017"]
[PlyCount "170"]
[EventDate "2019.07.22"]
[EventType "swiss"]
[EventRounds "9"]
[EventCountry "ESP"]
[SourceTitle "CBM 191 Extra"]
[Source "ChessBase"]
[SourceDate "2019.09.30"]
[SourceVersion "1"]
[SourceVersionDate "2019.09.30"]
[SourceQuality "1"]

1. c4 Nf6 2. g3 e6 3. Bg2 d5 4. Nf3 Be7 5. 0-0 0-0 6. b3 c5 7. Bb2 Nc6 8. e3 b6 9. Qe2 Ba6 10. Na3 Rc8 11. Rfd1 Qd7 12. d3 Rfd8 13. Ne5 Nxe5 14. Bxe5 Qe8 15. Bb2 Qd7 16. Rac1 h6 17. h3 Re8 18. Qc2 d4 19. e4 e5 20. Rf1 Bb7 21. Rce1 a6 22. Bc1 b5 23. Qe2 Qc6 24. Kh1 Nd7 25. Qg4 Rcd8 26. Rg1 Bc8 27. Qd1 b4 28. Nc2 Qg6 29. Re2 Nf8 30. Ne1 Qh5 31. Kh2 g5 32. f3 g4 33. Rf2 gxh3 34. Bh1 Bg5 35. Qc2 Bxc1 36. Qxc1 Nh7 37. Qd2 Nf6 38. g4 Qh4 39. Rg3 Qg5 40. Rxh3 Qxd2 41. Rxd2 h5 42. Rg2 hxg4 43. fxg4 Kf8 44. Rh4 Ke7 45. g5 Nd7 46. Kg1 Nf8 47. Rhh2 Ng6 48. Rg3 Rh8 49. Rxh8 Rxh8 50. Bg2 Nf4 51. Bf1 a5 52. Nf3 Kd6 53. Kf2 a4 54. Rg1 axb3 55. axb3 Bd7 56. Kg3 Ra8 57. Rh1 Ra1 58. Rh6+ Be6 59. Nd2 Rd1 60. Rh2 Ke7 61. Rf2 Kf8 62. Kh4 Kg7 63. Kg3 Bd7 64. Kh4 Kf8 65. Kg3 Ke7 66. Kh4 Kd6 67. Kg3 Be6 68. Kh4 Rc1 69. Kg3 Rc3 70. Rf3 Ke7 71. Kh4 Kf8 72. Kg3 Kg7 73. Kh4 Kg6 74. Rg3 Kg7 75. Rf3 Rc2 76. Rf2 Kg6 77. Kg3 Rc3 78. Rf3 Kxg5 79. Kf2 Bg4 80. Rg3 Kh4 81. Rg1 Nxd3+ 82. Bxd3 Rxd3 83. Rh1+ Kg5 84. Ke1 Re3+ 85. Kf1 Re2 0-1

[Event "ESP-ch U18"]
[Site "Salobrena"]
[Date "2019.07.24"]
[Round "4"]
[White "Alonso Lazaro, Adrian"]
[Black "Represa Perez, Mireya"]
[Result "1-0"]
[WhiteElo "1848"]
[BlackElo "2017"]
[PlyCount "81"]
[EventDate "2019.07.22"]
[EventType "swiss"]
[EventRounds "9"]
[EventCountry "ESP"]
[SourceTitle "CBM 191 Extra"]
[Source "ChessBase"]
[SourceDate "2019.09.30"]
[SourceVersion "1"]
[SourceVersionDate "2019.09.30"]
[SourceQuality "1"]

1. e4 c5 2. Nf3 d6 3. g3 Nf6 4. d3 g6 5. Bg2 Bg7 6. 0-0 Nc6 7. c3 0-0 8. Re1 e5 9. a3 a5 10. a4 d5 11. Qc2 h6 12. Na3 d4 13. Nb5 Ne8 14. Nh4 Be6 15. Bd2 Kh7 16. Rad1 Ra6 17. Rf1 f5 18. exf5 gxf5 19. f4 Bf6 20. Nf3 Nc7 21. fxe5 Nxe5 22. Nxe5 Bxe5 23. cxd4 cxd4 24. Bf4 Bxf4 25. Rxf4 Nxb5 26. axb5 Rb6 27. Qc5 Bb3 28. Re1 Re6 29. Rxe6 Bxe6 30. Rxd4 Qf6 31. Bxb7 Re8 32. Bc6 Rc8 33. Qd6 Kg6 34. Kg2 Kf7 35. Bd7 Rc2+ 36. Kf3 Rxb2 37. Bxe6+ Qxe6 38. Qc7+ Kf6 39. Rd6 Rxb5 40. Rxe6+ Kxe6 41. Qc6+ 1-0

[Event "ESP-ch U18"]
[Site "Salobrena"]
[Date "2019.07.23"]
[Round "3"]
[White "Represa Perez, Mireya"]
[Black "Martin Ibisate, Xabier"]
[Result "1-0"]
[WhiteElo "2017"]
[BlackElo "1797"]
[PlyCount "105"]
[EventDate "2019.07.22"]
[EventType "swiss"]
[EventRounds "9"]
[EventCountry "ESP"]
[SourceTitle "CBM 191 Extra"]
[Source "ChessBase"]
[SourceDate "2019.09.30"]
[SourceVersion "1"]
[SourceVersionDate "2019.09.30"]
[SourceQuality "1"]

1. e4 c5 2. Nf3 e6 3. d4 cxd4 4. Nxd4 Nf6 5. Nc3 Nc6 6. Ndb5 Bb4 7. a3 Bxc3+ 8. Nxc3 d5 9. Bd3 dxe4 10. Nxe4 Nxe4 11. Bxe4 Qxd1+ 12. Kxd1 Bd7 13. Be3 f5 14. Bf3 Rd8 15. Kc1 h6 16. Rd1 b6 17. h3 g5 18. b3 Rh7 19. Kb2 Ke7 20. h4 g4 21. Be2 e5 22. Bd2 Nd4 23. Bc4 b5 24. Bb4+ Kf6 25. Bf1 Bc6 26. Ba5 Rdd7 27. Rd2 Ne6 28. Rad1 Rxd2 29. Rxd2 Rd7 30. Rxd7 Bxd7 31. c4 bxc4 32. Bxc4 Ng7 33. Bd8+ Kg6 34. Bc7 Kf6 35. Bb8 a5 36. Bc7 a4 37. b4 f4 38. b5 Nf5 39. Kc3 g3 40. fxg3 fxg3 41. b6 Bc6 42. Ba6 Bxg2 43. b7 Bxb7 44. Bxb7 Nd4 45. Bb6 Kf5 46. Bxd4 exd4+ 47. Kxd4 Kg4 48. Ke3 Kxh4 49. Bc8 Kg5 50. Kf3 Kf6 51. Kxg3 Ke7 52. Bf5 Kd6 53. Bc2 1-0

[Event "ESP-ch U18"]
[Site "Salobrena"]
[Date "2019.07.22"]
[Round "2"]
[White "Munoz Pelaez, Manuel"]
[Black "Represa Perez, Mireya"]
[Result "1-0"]
[WhiteElo "2285"]
[BlackElo "2017"]
[PlyCount "125"]
[EventDate "2019.07.22"]
[EventType "swiss"]
[EventRounds "9"]
[EventCountry "ESP"]
[SourceTitle "CBM 191 Extra"]
[Source "ChessBase"]
[SourceDate "2019.09.30"]
[SourceVersion "1"]
[SourceVersionDate "2019.09.30"]
[SourceQuality "1"]

1. e4 c5 2. Nf3 d6 3. d4 cxd4 4. Qxd4 a6 5. c4 Bg4 6. Be2 Nc6 7. Qe3 Nf6 8. 0-0 Bxf3 9. Bxf3 e5 10. b3 Be7 11. Bb2 0-0 12. Nc3 Qb8 13. Be2 Nd4 14. Bd3 b5 15. Ne2 bxc4 16. Bxc4 Nc2 17. Qd3 Nxa1 18. Bxa1 Bd8 19. a4 Bb6 20. h3 Rd8 21. Ng3 Qa7 22. Nf5 a5 23. Kh1 Qb7 24. Nxd6 Qb8 25. Bxe5 Bc7 26. Rd1 Kf8 27. Bh2 Qb6 28. e5 Bxd6 29. exd6 Qxf2 30. Rf1 Qh4 31. Be5 Ra7 32. Bxf6 gxf6 33. Bb5 Rb7 34. Qd5 Rb6 35. d7 Re6 36. Qc5+ Kg7 37. Qc7 f5 38. Qxa5 Re3 39. Qd2 Rxb3 40. Qf2 Qxf2 41. Rxf2 Kg6 42. Rc2 Rxb5 43. axb5 Rxd7 44. Rb2 Kf6 45. b6 Rb7 46. Kh2 f4 47. Kg1 Kg5 48. Kf2 Kf5 49. Kf3 Kg5 50. Rb5+ Kg6 51. Kxf4 Kf6 52. Rb2 Ke6 53. Kg5 f6+ 54. Kf4 Kd6 55. Kf5 Ke7 56. Re2+ Kf7 57. Re6 Kg7 58. Rxf6 Rd7 59. Rc6 Rd5+ 60. Ke6 Rb5 61. Kd7 Rb2 62. Kc7 Rxg2 63. b7 1-0

[Event "Sanxenxo Carlos op 11th"]
[Site "Sanxenxo"]
[Date "2019.06.30"]
[Round "9"]
[White "Represa Perez, Mireya"]
[Black "Ibarra Jerez, Jose Carlos"]
[Result "1-0"]
[WhiteElo "2017"]
[BlackElo "2547"]
[PlyCount "89"]
[EventDate "2019.06.22"]
[EventType "swiss"]
[EventRounds "9"]
[EventCountry "ESP"]
[SourceTitle "CBM 191 Extra"]
[Source "ChessBase"]
[SourceDate "2019.09.30"]
[SourceVersion "1"]
[SourceVersionDate "2019.09.30"]
[SourceQuality "1"]

1. e4 c5 2. Nf3 Nf6 3. e5 Nd5 4. d4 cxd4 5. Qxd4 e6 6. a3 Nc6 7. Qd1 Qc7 8. c4 Nde7 9. Nc3 Nxe5 10. Nb5 Nxf3+ 11. Qxf3 Qb8 12. Bf4 e5 13. Rd1 Nc6 14. Bg3 a6 15. Nc3 d6 16. Bd3 h5 17. h3 Be7 18. Nd5 Bd8 19. 0-0 Be6 20. Rfe1 Rh6 21. Bb1 Kf8 22. b4 h4 23. Bh2 Bc7 24. Be4 Bd8 25. Bb1 Kg8 26. Ne3 Bb6 27. Kh1 Nd4 28. Qe4 f5 29. Qd3 Qf8 30. c5 Ba7 31. Nc4 dxc5 32. Bxe5 Rd8 33. Qc3 Nb5 34. Qc1 cxb4 35. Rxd8 Qxd8 36. axb4 Rg6 37. Ne3 Qg5 38. Rg1 Nd4 39. Qd1 Nc6 40. Bc3 Qf4 41. Qd2 Nd4 42. Nxf5 Rxg2 43. Qxf4 Rxg1+ 44. Kh2 Rxb1 45. Ne7+ 1-0